Ảnh hưởng của gốc nhãn Long trên sự ra hoa và phẩm chất trái nhãn Tiêu Da Bò

Nội dung tài liệu là đề tài nghiên cứu khoa học cấp Trường Đại học Cần Thơ, trình bày về trái nhãn Tiêu Da Bò và sự ảnh hưởng của gốc nhãn Long lên sự ra hoa và kết trái của cây nhãn Tiêu Da Bò....

Cur síos iomlán

Đã lưu trong:
Sonraí Bibleagrafaíochta
Príomhúdar: Trần, Văn Hâu
Formáid: Leabhar
Teanga:Undetermined
Foilsithe: Cần Thơ Trường Đại học Cần Thơ 2001
Ábhair:
Clibeanna: Cuir Clib Leis
Gan Chlibeanna, Bí ar an gcéad duine leis an taifead seo a chlibeáil!
Thư viện lưu trữ: Trung tâm Học liệu Trường Đại học Cần Thơ
LEADER 00954nam a2200193Ia 4500
001 CTU_139040
008 210402s9999 xx 000 0 und d
082 |a 634.7145 
082 |b H125 
100 |a Trần, Văn Hâu 
245 0 |a Ảnh hưởng của gốc nhãn Long trên sự ra hoa và phẩm chất trái nhãn Tiêu Da Bò 
245 0 |c Trần Văn Hâu, Nguyễn Việt Khởi 
260 |a Cần Thơ 
260 |b Trường Đại học Cần Thơ 
260 |c 2001 
520 |a Nội dung tài liệu là đề tài nghiên cứu khoa học cấp Trường Đại học Cần Thơ, trình bày về trái nhãn Tiêu Da Bò và sự ảnh hưởng của gốc nhãn Long lên sự ra hoa và kết trái của cây nhãn Tiêu Da Bò. 
650 |a Fruit trees 
904 |i Duy Bằng 
980 |a Trung tâm Học liệu Trường Đại học Cần Thơ